Guess the NHL Logo - Zoomed in - Statistics

General Stats
  • This quiz has been taken 487 times
    378 since last reset
  • The average score is 18 of 20
Answer Stats
Picture Answer % Correct
Anaheim Ducks
95%
Toronto Maple Leafs
95%
Chicago Blackhawks
94%
Dallas Stars
94%
San Jose Sharks
94%
Seattle Kraken
94%
Detroit Red Wings
93%
New Jersey Devils
93%
Tampa Bay Lightning
93%
Carolina Hurricanes
92%
Montreal Canadiens
92%
Pittsburgh Penguins
92%
Winnipeg Jets
92%
Boston Bruins
91%
Los Angeles Kings
91%
Minnesota Wild
91%
Nashville Predators
91%
New York Islanders
91%
New York Rangers
91%
Vancouver Canucks
91%
Vegas Golden Knights
91%
Buffalo Sabres
90%
Colorado Avalance
90%
Washington Capitals
90%
Calgary Flames
89%
Edmonton Oilers
89%
Philadelphia Flyers
89%
St. Louis Blues
88%
Columbus Blue Jackets
86%
Florida Panthers
85%
Ottawa Senators
85%
Arizona Coyotes
84%
No matching quizzes found
Score Distribution
Percent of People with Each Score
Percentile by Number Answered
Your Score History
You have not taken this quiz since the last reset